Testing of the Transmitting Antenna of a Superradiative BWO; Известия вузов. Физика; Т. 55, № 10-3

Bibliographische Detailangaben
Parent link:Известия вузов. Физика: научный журнал/ Национальный исследовательский Томский государственный университет (ТГУ).— , 1957-
Т. 55, № 10-3.— 2012.— [С. 184-186]
1. Verfasser: Klimov A. I. Aleksey Ivanovich
Körperschaft: Национальный исследовательский Томский политехнический университет (ТПУ) Институт физики высоких технологий (ИФВТ)
Weitere Verfasser: Koval'chuk O. B. Oleg Borisovich
Zusammenfassung:Title screen
The paper describes a procedure and results of measuring the characteristics of a transmitting antenna with an aperture attenuator used in a high power microwave oscillator to measure the parameters of microwave pulses with high power density.
Режим доступа: по договору с организацией-держателем ресурса
Sprache:Englisch
Veröffentlicht: 2012
Schlagworte:
Online-Zugang:http://elibrary.ru/item.asp?id=21131062
Format: MixedMaterials Elektronisch Buchkapitel
KOHA link:https://koha.lib.tpu.ru/cgi-bin/koha/opac-detail.pl?biblionumber=653726

MARC

LEADER 00000naa0a2200000 4500
001 653726
005 20250227165450.0
035 |a (RuTPU)RU\TPU\network\19240 
090 |a 653726 
100 |a 20170327d2012 k||y0rusy50 ba 
101 0 |a eng 
102 |a RU 
135 |a drcn ---uucaa 
181 0 |a i  
182 0 |a b 
200 1 |a Testing of the Transmitting Antenna of a Superradiative BWO  |f A. I. Klimov, O. B. Koval'chuk 
203 |a Text  |c electronic 
300 |a Title screen 
320 |a [References: 3 tit.] 
330 |a The paper describes a procedure and results of measuring the characteristics of a transmitting antenna with an aperture attenuator used in a high power microwave oscillator to measure the parameters of microwave pulses with high power density. 
333 |a Режим доступа: по договору с организацией-держателем ресурса 
461 |t Известия вузов. Физика  |o научный журнал  |f Национальный исследовательский Томский государственный университет (ТГУ)  |d 1957- 
463 |t Т. 55, № 10-3  |v [С. 184-186]  |d 2012 
610 1 |a электронный ресурс 
610 1 |a труды учёных ТПУ 
610 1 |a антенные системы 
610 1 |a СВЧ-генераторы 
700 1 |a Klimov  |b A. I.  |c specialist in the field of electronics  |c Associate Professor of Tomsk Polytechnic University, Candidate of physical and mathematical sciences  |f 1955-  |g Aleksey Ivanovich  |3 (RuTPU)RU\TPU\pers\32265 
701 1 |a Koval'chuk  |b O. B.  |g Oleg Borisovich 
712 0 2 |a Национальный исследовательский Томский политехнический университет (ТПУ)  |b Институт физики высоких технологий (ИФВТ)  |3 (RuTPU)RU\TPU\col\17233 
801 2 |a RU  |b 63413507  |c 20170327  |g RCR 
856 4 0 |u http://elibrary.ru/item.asp?id=21131062 
942 |c CF